[Event "Perth Metro CC-chD"]
[Site "Perth"]
[Date "2006.03.16"]
[Round "6"]
[White "Bailye, Ron"]
[Black "Smyth, V."]
[Result "0-1"]
[WhiteElo "1213"]
[BlackElo "1245"]
[PlyCount "88"]
[EventDate "2006.02.02"]
[EventType "tourn"]
[EventRounds "9"]
[EventCountry "AUS"]
[SourceTitle "EXT 2010"]
[Source "ChessBase"]
[SourceDate "2010.11.25"]
[SourceVersion "1"]
[SourceVersionDate "2010.11.25"]
[SourceQuality "1"]

1. e4 e5 2. Nf3 d6 3. Nc3 Nf6 4. Bc4 h6 5. 0-0 Be7 6. d4 exd4 7. Nxd4 0-0 8. Bf4 a6 9. h3 Bd7 10. Qf3 Nc6 11. Rad1 b5 12. Be2 Qc8 13. Nd5 Nxd5 14. exd5 Ne5 15. Bxe5 dxe5 16. Nc6 Bxc6 17. dxc6 Bd6 18. Bd3 Qe6 19. b3 f5 20. Qh5 e4 21. Be2 Kh7 22. f4 Qf6 23. g4 g6 24. g5 gxh5 25. gxf6 h4 26. Kh1 Rxf6 27. Rg1 Rg8 28. c4 bxc4 29. Bxc4 Rxg1+ 30. Rxg1 a5 31. a4 Bxf4 32. Rd1 Bd6 33. Rd5 f4 34. Rxa5 e3 35. Ra8 f3 36. Re8 e2 37. Bxe2 fxe2 38. Rxe2 Bg3 39. Kg2 Rxc6 40. Rb2 Bd6 41. Kf3 Rc3+ 42. Kg4 Bg3 43. a5 Kg6 44. b4 h5# 0-1